00620nam a2200193Ia 4500008004000000020001500040041000800055082001800063100002400081245002900105260003000134300000800164650001800172650001500190690001400205906001100219999001900230952017700249210210b2017 xxu||||| |||| 00| 0 eng d a812641166X aeng a894.8121 NAIT aNAIR (Kunjiraman P) aThiranjedutha kavithakal aKottayambD C Booksc2017 a815 aThiranjedutha akavithakal aMalayalam a072409 c122208d122208 001040708MalyalamaALbALcMalayalamd2021-02-17eBiblios Book Point, Surathkal-575014g795.00l1o894.8121 NAITp072409r2023-01-28 00:00:00s2023-01-16w2021-02-17yBK